00659nam a22001937a 4500003001100000005001700011008004100028020001500069040003900084041000800123082001700131110001200148245010000160260003800260300002900298650003900327650005400366650004500420LK-CoMWRAF20240120011826.0240120b2009 |||||||| |||| 00| 0 eng d a983444320X aLK-CoMWRAFdLK-CoMWRAFeLK-CoMWRAF aeng a346.015bMUS aMusawah aMusawah framework for action = Plateforme d'action de Musawah = Kerangka kerja tindakan Musawah aSelangor:bPetaling Jaya, c2009 a(various paging) ; 21 cm aEquality- Religious aspects- Islam aMan-woman relationships- Religious aspects- Islam aWomen's rights- Religious aspects- Islam